| 000 | 00490nam a2200181 a 4500 | ||
|---|---|---|---|
| 005 | 20140412111234.0 | ||
| 008 | 001115s19uu xx 00 eng d | ||
| 020 | _a0-394-90013-8 | ||
| 050 |
_aER _bOn2 |
||
| 100 | _aSeuss, Dr. | ||
| 245 |
_aOne fish, two fish , red fish, blue fish / _cDr. Seuss. |
||
| 260 |
_aNew York : _bBeginner Books, _c1960. |
||
| 300 | _a62 P. ; ill. | ||
| 440 | _aBeginner Books | ||
| 650 | _aStories in rhyme | ||
| 650 | _aChildren stories | ||
| 999 |
_c102320 _d102320 |
||